000 00821cab a22002175a 4500
001 L146022
008 081202e20081129xxka f g 000 0 eng d
035 _a(Sirsi) u146022
041 0 _aeng
100 1 _aJohnston, Bryan
245 0 0 _aNo perfect solution
260 _c2008
490 _aEstates Gazette
_v(0847) 29 November 2009, 106-107(2)
520 _aWinning article from the Property Litigation Association annual essay competition, on the topic of landlord and tenant law. Specifically, the author addresses the landlord's legal position in the event of a tenant's insolvency.
590 _aKA
650 2 4 _aPRUDENTIAL ASSURANCE COMPANY LIMITED AND OTHERS V POWERHOUSE LIMITED AND OTHERS
650 2 4 _aTHOMAS V KEN THOMAS LTD
651 4 _aEngland and Wales
_y1543-
690 _aPROPERTY
942 _n0
999 _c81004
_d81004